000 00254nam a2200121 i 4500
001 bg
245 0 0 _aJadernyje reakcii.
_nT.2.
260 _aMoskva,
_c1965.
040 _cBPK
041 _apol
942 _cKS
008 s pl f |000 0 pol
999 _c12677
_d12677
856 _uhttp://koha.tu.koszalin.pl/cgi-bin/koha/opac-detail.pl?biblionumber=12677
_yKatalog online BPK